Rozbory hospodárskej činnosti /

Saved in:
Bibliographic Details
Main Authors: Partyk, Bohuslav (Author), Háčiková, Milada (Author), Hrnčiar, Peter (Author)
Format: Book
Published: Bratislava : Alfa, 1987
Tags: Add Tag
No Tags, Be the first to tag this record!

MARC

LEADER 00000nam a22000003a 4500
001 stu15383
005 20150617225801.0
008 ------s1987----cs----------------------d
040 |a STU  |b slo 
041 0
044 |a cs 
080 |a 338.244.018 
100 1 |a Partyk, Bohuslav  |4 aut 
245 1 |a Rozbory hospodárskej činnosti /  |c [aut.]Partyk,Bohuslav, Háčiková,Milada, Hrnčiar,Peter 
260 |a Bratislava :  |b Alfa,  |c 1987 
300 |a 387 s :  |b Tab.,lit 
700 1 |a Háčiková, Milada  |4 aut 
700 1 |a Hrnčiar, Peter  |4 aut 
996 |b C80200  |c C*80200  |l CCXIV  |s P  |a 0  |w stu15383_0001